[Event "Kortchnoi ZCC 2017-Blitz"]
[Site "Zurich"]
[Date "2017.04.17"]
[Round "1"]
[White "Anand, Viswanathan"]
[Black "Kramnik, Vladimir"]
[Result "1/2-1/2"]
[WhiteElo "2786"]
[BlackElo "2811"]
[Annotator "TA"]
[PlyCount "45"]
[EventDate "2017.??.??"]
[EventType "tourn"]
[EventCountry "SUI"]
[SourceTitle "playchess.com"]
[Source "ChessBase"]
[SourceQuality "1"]

{[%evp 13,45,14,26,0,9,0,17,7,22,22,17,11,18,14,24,12,31,32,22,15,32,32,27,0,0,0,0,0,0,0,0,0,0,0]} 1. e4 e5 2. Nf3 Nc6 3. Bc4 Bc5 4. c3 Nf6 5. d3 d6 6. a4 a6 7. O-O h6 8. Na3 {C54: Giuoco Piano: 4 c3 Nf6, main lines with 5 d4 and 5 d3} O-O 9. Nc2 Re8 10. Re1 Ba7 11. Be3 Bb8 $146 (11... Be6 12. Bxe6 Rxe6 13. Bxa7 Rxa7 14. d4 exd4 15. Nfxd4 Nxd4 16. Qxd4 {½-½ (38) So,W (2773)-Mamedyarov,S (2747) Wijk aan Zee 2016}) 12. Qd2 Ng4 13. b4 Ne7 14. d4 (14. h3 $5 {with more complications.} Nxe3 15. Nxe3 Ng6 16. Qa2 Qd7 17. g3) 14... Ng6 (14... exd4 $5 {feels hotter.} 15. cxd4 c6 16. Bf4 d5 17. exd5 Nxd5 18. Rxe8+ Qxe8 19. Bxb8 Rxb8 20. Bxd5 cxd5 21. a5 Bd7) 15. dxe5 Nxe3 16. Nxe3 {Hoping for exd6.} Nxe5 17. Nxe5 Rxe5 18. Qa2 (18. f4 $5 {creates asymmetry.} Re8 19. a5 c6 20. Bd3 Ba7 21. Kh1) 18... Be6 {The position is equal.} 19. Bxe6 Rxe6 20. Nf5 Ba7 21. Nd4 Re5 22. Nf3 Re6 23. Nd4 1/2-1/2

[Event "Kortchnoi ZCC 2017-Blitz"]
[Site "Zurich"]
[Date "2017.04.17"]
[Round "1"]
[White "Svidler, Peter"]
[Black "Nepomniachtchi, Ian"]
[Result "1/2-1/2"]
[WhiteElo "2747"]
[BlackElo "2751"]
[Annotator "TA"]
[PlyCount "61"]
[EventDate "2017.??.??"]
[EventType "tourn"]
[EventCountry "SUI"]
[SourceTitle "playchess.com"]
[Source "ChessBase"]
[SourceQuality "1"]

{[%evp 7,61,16,15,-4,-3,-40,-31,-56,-29,-20,-7,-93,-86,-89,-88,-84,-68,-77,-78,-76,-50,-51,-35,-38,-47,-42,-19,-63,-25,-60,-29,-37,-37,-14,-20,-37,-28,-57,-38,-53,-64,-73,-9,-13,-26,-28,-16,-40,0,0,189,8,5,5,6,8]} 1. Nf3 Nf6 2. c4 c5 3. b3 g6 4. Bb2 Bg7 5. Nc3 {A30: Symmetrical English: Double Fianchetto and Hedgehog} (5. g3 d6 6. Bg2 e5 7. O-O O-O 8. Nc3 Nc6 9. d3 Ne8 10. Nd2 Nc7 11. a3 Rb8 12. b4 cxb4 13. axb4 Nxb4 14. Qb3 Nba6 15. Ba3 Be6 16. Nde4 b5 17. Bxd6 bxc4 {1-0 (45) Karjakin,S (2785)-Grischuk,A (2737) Doha 2016}) 5... O-O 6. d4 cxd4 7. Qxd4 {Black is slightly better.} Nc6 8. Qd2 $1 Qa5 9. Na4 $146 (9. Rb1 $11) (9. Rd1 Ne4 10. Nxe4 Bxb2 11. Qxa5 Nxa5 12. e3 Nc6 {1-0 (35) Hevia Alejano,C (2492)-Serna,J (2022) Brownsville 2017}) 9... Nb4 10. Bxf6 Bxf6 11. Rc1 d6 12. e3 b6 13. a3 Nc6 (13... Na6 $5 {with more complications.} 14. Be2 Bd7 15. Qxa5 bxa5 16. c5 Nxc5 17. Nxc5 dxc5 18. O-O Rfc8) 14. Be2 Bd7 15. O-O Rfc8 16. Rfd1 Rab8 17. h3 Be8 18. Rc2 (18. Qd5 $2 Qxd5 19. Rxd5 (19. cxd5 Na5 20. Nd2 b5 $17) 19... Na5 $17) 18... a6 19. Qc1 b5 20. Nc3 $1 {[%cal Rc3d5]} b4 21. axb4 Nxb4 22. Rcd2 Bg7 23. Nd4 d5 24. Qb1 {[#]} dxc4 ({Better is} 24... e6 $1 $17 {Black wants to play ...Nc6.} 25. Qc1 Bd7) 25. Bxc4 $11 e6 26. Ne4 Rd8 27. Qc1 Nd5 28. Bxd5 Qxd5 $2 {[#]} (28... Rxd5 $11 29. Nc6 Bxc6 30. Qxc6 Rxd2 31. Rxd2 Qb5) 29. Nb5 $2 ({But not} 29. Nc6 $6 Bxc6 30. Rxd5 Bxd5 $14) ({White must play} 29. Nf5 $1 $18 {[%cal Rf5e7][%mdl 512]} Qa8 (29... Qxf5 30. Rxd8) 30. Rxd8 (30. Nxg7 Rxd2 31. Nxe8 Rxd1+ 32. Qxd1 Rxe8 33. Nf6+ Kf8 $16) 30... Rxd8 31. Nxg7 Rxd1+ 32. Qxd1) 29... Rdc8 30. Qxc8 $1 Rxc8 31. Rxd5 1/2-1/2

[Event "Kortchnoi ZCC 2017-Blitz"]
[Site "Zurich"]
[Date "2017.04.17"]
[Round "1"]
[White "Oparin, Grigoriy"]
[Black "Gelfand, Boris"]
[Result "1/2-1/2"]
[WhiteElo "2604"]
[BlackElo "2724"]
[Annotator "TA"]
[PlyCount "79"]
[EventDate "2017.??.??"]
[EventType "tourn"]
[EventCountry "SUI"]
[SourceTitle "playchess.com"]
[Source "ChessBase"]
[SourceQuality "1"]

{[%evp 11,79,16,10,0,15,0,0,0,4,0,0,0,0,0,10,1,31,27,32,25,17,21,25,8,10,0,0,-8,0,0,0,0,19,35,20,0,47,50,47,43,52,22,60,56,44,26,27,0,12,0,0,0,0,0,0,0,0,0,-8,-2,0,-8,0,0,0,0,0,0,0,0]} 1. e4 c5 2. Nf3 d6 3. d4 cxd4 4. Nxd4 Nf6 5. Nc3 a6 6. Qd3 {B90: Sicilian Najdorf: Unusual White 6th moves, 6 Be3 Ng4 and 6 Be3 e5} (6. Be3 Ng4 7. Bg5 h6 8. Bh4 g5 9. Bg3 Bg7 10. h3 Ne5 11. Nf5 Bxf5 12. exf5 Nbc6 13. Nd5 e6 14. fxe6 fxe6 15. Ne3 Qa5+ 16. c3 Nf3+ 17. Qxf3 Bxc3+ 18. Kd1 Qa4+ 19. Nc2 Bxb2 {½-½ (62) Nakamura,H (2785)-Grischuk,A (2742) Sharjah 2017}) 6... e6 {LiveBook: 6 Games} 7. a4 (7. Be2 $5 {creates asymmetry.} b5 8. a3 Bb7 9. O-O Nbd7 10. Qe3) 7... Nc6 $146 (7... Nbd7 8. Be2 Nc5 9. Qe3 g6 10. O-O Bg7 11. Rd1 Qe7 12. b4 Ncd7 13. Ba3 O-O {1-0 (41) Gadimbayli,A (2315)-Esserman,M (2467) Budapest 2017}) 8. Nxc6 bxc6 9. Qg3 d5 10. Bd3 g6 11. O-O Bg7 12. a5 O-O 13. Re1 d4 {[#] Threatens to win with ...Nh5.} 14. Nb1 {[%cal Bc3b1,Bb1d2,Bd2c4,Bc4b6][%mdl 32]} Nh5 {[%cal Bf6h5,Bh5f4,Bf4d3][%mdl 32]} 15. Qf3 e5 16. Nd2 Nf4 17. Nc4 (17. Bf1 $5 {looks sharper.} Qf6 18. Qa3 Rd8 19. Nc4 Rb8 20. Qg3) 17... Nxd3 18. Qxd3 Be6 19. Bd2 c5 20. Nb6 Ra7 21. b4 cxb4 22. Bxb4 Re8 23. c4 dxc3 24. Qxc3 Rc7 25. Qa3 $1 Bf8 26. Rad1 Qg5 27. Bxf8 Rxf8 28. Nd5 Rd7 29. Rd3 Rc8 {The position is equal.} 30. h3 Rc4 31. Qb3 Rd4 32. Rxd4 exd4 33. Qd3 Bxd5 34. exd5 Qxd5 ({Don't do} 34... Rxd5 35. Qxa6 Rxa5 36. Qd6 $11) 35. Qxa6 $11 {KQR-KQR} d3 36. Rd1 d2 37. Qe2 Rd8 38. a6 Qd4 {[#]} 39. a7 $1 {[%mdl 512]} Qxa7 {Strongly threatening ...Qc7.} 40. Rxd2 1/2-1/2

[Event "Kortchnoi ZCC 2017-Blitz"]
[Site "Zurich"]
[Date "2017.04.17"]
[Round "1"]
[White "Pelletier, Yannick"]
[Black "Nakamura, Hikaru"]
[Result "0-1"]
[WhiteElo "2541"]
[BlackElo "2793"]
[Annotator "TA"]
[PlyCount "134"]
[EventDate "2017.??.??"]
[EventType "tourn"]
[EventCountry "SUI"]
[SourceTitle "playchess.com"]
[Source "ChessBase"]
[SourceQuality "1"]

{[%evp 11,134,26,35,31,23,22,35,1,24,18,27,26,28,31,25,23,21,0,24,27,27,27,29,12,23,15,40,26,45,31,31,5,15,2,17,-6,0,0,18,18,18,16,16,23,16,11,11,17,19,4,28,18,14,3,10,-16,-5,-10,8,9,3,35,67,50,60,52,58,67,63,56,58,27,21,0,12,0,0,0,0,-75,-43,-71,-45,-40,-25,-40,-26,-193,-170,-459,-457,-454,-436,-560,-543,-512,-375,-523,-168,-168,-168,-168,-168,-161,-154,-153,-61,-458,-458,-581,-573,-559,-537,-541,-531,-566,-556,-507,-399,-727,-711,-665,-660,-647,-639]} 1. d4 Nf6 2. c4 e6 3. Nf3 d5 4. Nc3 a6 5. cxd5 exd5 6. Bg5 {D37: Queen's Gambit Declined: 5 Bf4} Be6 {LiveBook: 53 Games} 7. e3 Nbd7 8. Bd3 {White has an edge.} h6 9. Bh4 Be7 (9... g5 10. Bg3 Nh5 11. Be5 Ng7 12. h3 Nxe5 13. Nxe5 Bd6 {½-½ (60) Van Wely,L (2695)-Andreikin,D (2736) Wijk aan Zee 2017}) 10. O-O O-O 11. Rc1 Re8 12. h3 $146 (12. Qc2 c6 13. Bg3 Rc8 14. Na4 c5 15. dxc5 Nxc5 16. Nxc5 Bxc5 17. Qb1 Qb6 18. Be5 Bg4 19. Bf5 {½-½ (19) Isigkeit,H (2361)-Baranowski,T (2470) ICCF email 2008}) 12... Bd6 13. Ne2 {[%cal Bc3e2,Be2g3,Bg3f5][%mdl 32]} c6 14. Bg3 Qb8 15. Bxd6 Qxd6 16. Ng3 Rac8 17. Re1 {[%cal Bf1e1,Be1e2,Be2c2][%mdl 32]} a5 18. Re2 Rc7 19. Rec2 Rec8 20. Qe1 Qb4 21. Nf5 {Black must now prevent Qxb4.} Qxe1+ 22. Nxe1 {Hoping for Ne7+.} Rd8 23. f3 Bxf5 24. Bxf5 Nb6 25. g4 Nc4 26. Kf2 Re7 27. Ng2 a4 28. Bd3 Nd6 29. Rc5 Ra8 30. h4 Nfe8 31. g5 hxg5 32. hxg5 g6 33. Re1 Ng7 34. Nf4 Rae8 35. Ra5 Ngf5 {[%cal Rf5e3]} 36. Ng2 b5 37. Ra6 Rc7 38. Rc1 Rec8 39. b3 axb3 40. axb3 Kg7 41. Bxf5 (41. Nf4 $5 {seems wilder.} Ne7 42. Rca1 Rh8 43. Ra8 Rh4 44. Rd8) 41... Nxf5 42. Nf4 Ne7 43. Ra2 Rh8 44. Rac2 Ra7 45. Nd3 (45. Rxc6 $11 Nxc6 46. Rxc6) 45... Nf5 46. Nf4 Rh2+ 47. Kg1 $1 {[%cal Rg1h2]} Rh4 48. Rxc6 Nxe3 49. Rf6 $2 {[#]} (49. Ng2 $1 $11 {and White has nothing to worry.} Nxg2 50. Kxg2) 49... Nf5 $1 $19 50. Ne2 $2 (50. Nxd5 Rxd4 51. Nc7) 50... Ra2 ({Less strong is} 50... Nxd4 51. Nxd4 Rxd4 52. Kf2 $17) 51. Rc7 Rxe2 52. Rfxf7+ Kg8 53. Rfd7 {White threatens Rd8+ and mate.} Re8 54. Rc6 Ne7 $2 (54... Nxd4 $2 55. Rxg6+ Kh8 56. Rf6 $19) (54... Rxd4 {( -> ...Rd1+)} 55. Rxg6+ Kh8) 55. Re6 {[#]} Rh7 $1 ({Stronger than} 55... Rxd4 56. Rexe7 Rxe7 57. Rxe7 $11) 56. Rxd5 Nxd5 57. Rxe8+ {[%mdl 4096] Endgame KRN-KR} Kf7 58. Re5 Nc3 (58... Nc7 $17 {Threatens to win with ...Rh4.} 59. d5 Rh8) 59. b4 $2 {[%mdl 8192]} (59. Rc5 $1 $15 Ne2+ 60. Kf2 Rh2+ 61. Ke3) 59... Rh4 60. Rc5 Ne2+ ({Inferior is} 60... Rxd4 61. Rxc3 Rxb4 62. Rc6 $11) 61. Kf2 Nxd4 62. Kg3 Rh1 63. Rd5 Nf5+ 64. Kf2 Rh2+ 65. Kg1 $2 {[#]} (65. Ke1) 65... Rg2+ $1 {[%mdl 512] Black is clearly winning.} 66. Kh1 (66. Kxg2 Ne3+) 66... Rxg5 {Strongly threatening ...Ng3+.} 67. Kh2 {[#]} Nh4 $1 {[%mdl 512]} 0-1

[Event "Kortchnoi ZCC 2017-Blitz"]
[Site "Zurich"]
[Date "2017.04.17"]
[Round "2"]
[White "Nakamura, Hikaru"]
[Black "Oparin, Grigoriy"]
[Result "1-0"]
[WhiteElo "2793"]
[BlackElo "2604"]
[Annotator "TA"]
[PlyCount "41"]
[EventDate "2017.??.??"]
[EventType "tourn"]
[EventCountry "SUI"]
[SourceTitle "playchess.com"]
[Source "ChessBase"]
[SourceQuality "1"]

{[%evp 10,41,16,10,30,19,34,24,53,31,38,16,28,22,34,11,33,16,19,20,72,70,78,89,125,116,522,525,489,499,752,749,995,965]} 1. Nf3 Nf6 2. g3 b5 3. Bg2 Bb7 4. Na3 a6 5. c4 b4 6. Nc2 e6 {A05: Réti Opening: 1 Nf3 Nf6} 7. O-O Be7 8. d4 Be4 {White has an edge.} 9. a3 bxa3 10. b3 (10. Nxa3 c5 11. dxc5 Bxc5 12. Nb1 O-O 13. Nc3 Bb7 14. Bf4 {½-½ (47) Artemiev,V (2677)-Georgiev,K (2633) Skopje 2017}) 10... O-O $146 (10... c5 11. Bxa3 cxd4 12. Ncxd4 O-O 13. Qc1 Nc6 14. Nxc6 Bxc6 15. Bxe7 Qxe7 {½-½ (110) Seeman,T (2414)-Mertanen,J (2228) Jyvaskyla 2015}) 11. Bxa3 d6 12. Ne3 {[%cal Bc2e3,Be3d1,Bd1c3][%mdl 32]} c6 13. Qd2 $36 {[%mdl 2048] White has the initiative.} Nbd7 14. Nd1 Qb6 {[#]} (14... Rb8 $11) 15. Nc3 $1 $16 Qxb3 16. Ne5 dxe5 17. Bxe7 exd4 $2 {[%mdl 8192]} (17... Bxg2 $16 18. Rfb1 (18. Kxg2 exd4 19. Bxf8 Qxc4 20. Bxg7 Kxg7 $11) 18... Qxc4) 18. Nxe4 $18 {White is clearly winning.} Nxe4 19. Bxe4 Rfe8 (19... Rfc8 $142 20. Qxd4 Qb7) 20. Bxc6 Ra7 21. Qxd4 1-0

[Event "Kortchnoi ZCC 2017-Blitz"]
[Site "Zurich"]
[Date "2017.04.17"]
[Round "2"]
[White "Nepomniachtchi, Ian"]
[Black "Kramnik, Vladimir"]
[Result "1-0"]
[WhiteElo "2751"]
[BlackElo "2811"]
[Annotator "TA"]
[PlyCount "157"]
[EventDate "2017.??.??"]
[EventType "tourn"]
[EventCountry "SUI"]
[SourceTitle "playchess.com"]
[Source "ChessBase"]
[SourceQuality "1"]

{[%evp 26,157,29,0,0,0,0,-11,4,0,2,0,0,0,6,6,28,26,24,19,35,8,11,5,6,13,20,9,17,0,0,-5,-12,-12,-2,-19,0,0,66,74,68,61,70,58,68,63,56,0,99,0,0,0,0,-14,8,8,8,3,18,18,25,35,51,37,46,43,75,76,118,118,118,107,97,12,22,22,24,31,74,74,74,74,74,74,73,52,73,73,75,75,75,74,75,75,100,74,74,74,74,74,74,74,74,74,74,74,74,74,75,75,75,74,75,74,74,74,75,75,75,75,79,78,88,88,29989,29990,29990,29991,29991,29992,29992,29992,29993,95]} 1. c4 e6 2. Nc3 d5 3. d4 Nf6 4. cxd5 exd5 5. Bg5 c6 6. Qc2 h6 7. Bh4 Be7 8. e3 O-O 9. Bd3 Re8 10. Nge2 {[%cal Bg1e2,Be2c1,Bc1b3,Bb3c5][%mdl 32]} Nh5 {D36: Queen's Gambit Declined: Exchange Variation: Main line (5 Bg5 c6 6 Qc2)} 11. Bxe7 Qxe7 12. O-O Nd7 {[%cal Bb8d7,Bd7f8,Bf8e6][%mdl 32]} 13. Rae1 Nf8 14. Nc1 {LiveBook: 3 Games} Nf6 15. Nb3 Ne6 16. f3 a5 17. Na4 $146 (17. a3 b6 18. Na4 Qa7 19. Nc1 Bd7 20. Nc3 {½-½ (20) Rapport,R (2646)-Solodovnichenko,Y (2559) Deizisau 2013}) 17... Qd8 18. Nbc5 Nf8 19. Qb3 b5 20. Nc3 Ne6 21. Nxe6 $1 Bxe6 22. Qc2 Qb6 23. Qf2 a4 24. Rc1 b4 25. Ne2 Ra5 26. h3 c5 27. dxc5 Rxc5 28. e4 Nd7 29. Rxc5 Qxc5 30. Rc1 Qxf2+ 31. Kxf2 Ne5 (31... dxe4 $11 32. Bxe4 (32. fxe4 Ne5 33. Bb5 Rd8 $17) 32... Rb8) 32. Bb5 $1 $14 {[%csl LRa4,LRe8]} Rb8 33. Rc5 Bd7 $1 34. Ba6 Rb6 35. Rxd5 f6 36. Ra5 (36. f4 $1 $14 Rxa6 37. fxe5) 36... g5 (36... Kf8 $1 $11) 37. g3 ({Better is} 37. Ke3 $16) 37... Kf8 $11 38. Nd4 {Hoping for Be2.} Rd6 39. f4 (39. Ne2 $5 {with more complications.} Rb6) 39... gxf4 ({Worse is} 39... Bxh3 40. fxe5 Rxd4 41. exf6 $16 (41. Rxa4 fxe5 42. Ke3 Kg7 $11)) 40. gxf4 Rxd4 41. fxe5 Rxe4 42. exf6 {[%mdl 4096] Endgame KRB-KRB} Rf4+ 43. Ke3 Rxf6 44. Bb5 Bxh3 45. Rxa4 Be6 46. b3 h5 47. Rxb4 Ke7 48. Be2 Rf5 49. Rh4 ({White should try} 49. Re4 $16 Kd6 50. Bc4) 49... Ra5 50. Re4 {[#] aiming for Bc4.} Kf6 51. b4 Ra3+ 52. Kd4 Bf5 53. Rh4 ({But not} 53. Bxh5 $6 Bxe4 54. Kxe4 Rxa2 $11) 53... Rxa2 54. Bxh5 Rd2+ 55. Kc3 Rd3+ 56. Kc4 Kg5 57. Rh2 Rd8 58. Bf3 Kf4 59. Bc6 Rd1 60. b5 Bd3+ 61. Kc5 {Black must now prevent b6.} Rc1+ 62. Kd4 Bxb5 63. Bxb5 $16 {KRB-KR} Kg5 64. Rf2 Re1 65. Be2 Ra1 66. Bf3 Kf4 67. Be4+ Kg3 68. Rf8 Ra4+ 69. Ke3 Ra3+ 70. Bd3 Kg4 71. Rg8+ Kh5 {[#]} 72. Ke4 $1 Ra4+ 73. Kf5 {[%cal Rg8h8]} Kh4 74. Be4 Kh3 $2 {[%mdl 8192]} (74... Ra6 $16) 75. Kf4 {[%cal Rg8h8] White mates.} Kh2 76. Rg2+ Kh3 77. Rg1 {[%cal Rg1h1]} Ra2 78. Rg8 {[%cal Rg8h8]} Kh2 79. Rh8+ 1-0

[Event "Kortchnoi ZCC 2017-Blitz"]
[Site "Zurich"]
[Date "2017.04.17"]
[Round "2"]
[White "Gelfand, Boris"]
[Black "Svidler, Peter"]
[Result "1/2-1/2"]
[WhiteElo "2724"]
[BlackElo "2747"]
[Annotator "TA"]
[PlyCount "93"]
[EventDate "2017.??.??"]
[EventType "tourn"]
[EventCountry "SUI"]
[SourceTitle "playchess.com"]
[Source "ChessBase"]
[SourceQuality "1"]

{[%evp 22,93,10,0,0,0,0,0,17,15,33,39,56,56,56,56,56,54,54,7,54,54,77,76,76,77,77,77,66,66,67,68,76,77,77,45,38,4,72,72,72,73,74,69,76,70,82,61,71,66,56,10,10,10,10,10,13,10,19,19,24,19,20,2,0,0,22,14,14,14,21,21,21,21]} 1. Nf3 c5 2. c4 Nf6 3. Nc3 d5 4. cxd5 Nxd5 5. e3 Nxc3 6. bxc3 g6 7. Bb5+ Bd7 8. Be2 Bg7 9. O-O O-O 10. d4 Qa5 {A34: Symmetrical English: 2 Nc3, lines with ...d5} 11. Qb3 Bc6 12. Bd2 {LiveBook: 3 Games} Nd7 $146 {[%cal Bb8d7,Bd7c5,Bc5e4,Be4c3][%mdl 32]} (12... e6 13. c4 Qb6 14. Rfd1 Nd7 15. Bc3 Rac8 16. d5 Qxb3 17. axb3 Bxc3 18. dxc6 {1-0 (45) Gelfand,B (2721)-Gopal,G (2579) Caleta 2017}) 13. c4 Qa6 $1 14. Bc3 cxd4 15. Nxd4 Nc5 16. Qb4 Ne4 17. c5 $36 {[%mdl 2048] White is pushing.} Qa4 18. Nxc6 Nxc3 19. Qxa4 Nxa4 20. Nxe7+ Kh8 21. Rac1 Nc3 {[#]} 22. Bf3 $1 Rad8 23. c6 ({Stronger than} 23. Bxb7 Rd7 24. Nxg6+ (24. Rxc3 Bxc3 25. Nd5 Rxb7 $17) 24... fxg6 $15) 23... bxc6 24. Nxc6 Rd2 25. Nxa7 Rxa2 26. Nc6 h5 27. g3 Rd2 28. Nb4 Rb8 29. Rc2 (29. Nc2 $5 {looks sharper.} Rb3 30. Ne1 Rb4 31. h4 Rbb2 32. Ng2) 29... Rxc2 (29... Nb1 $1 $11 {keeps the balance.} 30. Rcc1 Nc3) 30. Nxc2 $16 Rb2 31. Na3 Bf6 32. Nc4 Rc2 33. Kg2 Kg7 34. Na5 Be7 35. Nb3 Rb2 36. Nd4 Bc5 37. Rc1 Bxd4 $1 38. exd4 $11 {[%mdl 4096] Endgame KRB-KRN} Nb5 $1 39. Rd1 Kf6 40. Bc6 Nd6 41. Rd3 Rb4 {The position is equal.} 42. Bd7 Ke7 43. Bc6 Kf6 44. h4 Nf5 45. d5 {Black should prevent d6.} Nd6 46. Rf3+ Ke5 47. Re3+ 1/2-1/2

[Event "Kortchnoi ZCC 2017-Blitz"]
[Site "Zurich"]
[Date "2017.04.17"]
[Round "2"]
[White "Pelletier, Yannick"]
[Black "Anand, Viswanathan"]
[Result "0-1"]
[WhiteElo "2541"]
[BlackElo "2786"]
[Annotator "TA"]
[PlyCount "76"]
[EventDate "2017.??.??"]
[EventType "tourn"]
[EventCountry "SUI"]
[SourceTitle "playchess.com"]
[Source "ChessBase"]
[SourceQuality "1"]

{[%evp 14,76,18,11,29,38,36,27,38,27,34,27,33,22,33,30,108,31,29,33,65,1,31,8,22,9,54,19,18,26,68,0,0,0,17,-19,0,0,113,-56,-48,-64,-33,-250,-47,-201,-202,-204,-204,-186,-188,-262,-191,-528,-511,-759,-689,-29985,-29986,-29986,-29987,-29987,-29988,-29988,-29989]} 1. d4 Nf6 2. c4 e6 3. Nf3 b6 4. g3 Ba6 5. Qa4 Be7 6. Nc3 Bb7 7. Bg2 O-O 8. O-O c6 {E15: Queen's Indian: 4 g3 sidelines, 4 g3 Ba6 and 4 g3 Bb7 early deviations} (8... Ne4 9. Qc2 Nxc3 10. Qxc3 c5 11. Rd1 d6 12. d5 exd5 13. cxd5 Bf6 14. Qc2 Nd7 15. Bf4 Qe7 16. e4 Rfe8 17. Re1 Ne5 18. Nxe5 Bxe5 19. Bxe5 Qxe5 20. f4 {½-½ (39) Mamedyarov,S (2747)-Ivanchuk,V (2710) Huaian 2016}) 9. Rd1 d5 10. Ne5 Nfd7 {White has an edge.} 11. cxd5 cxd5 12. e4 dxe4 13. Nxe4 {Strongly threatening Nf6+!} Bd5 14. Bf4 Qe8 $146 {[#]} (14... Nf6 $11 {remains equal.} 15. Nc3 Bxg2 16. Kxg2 Qc7) (14... Nf6 15. Nxf6+ Bxf6 16. Bxd5 Qxd5 {½-½ (66) Repasi,Z (2215)-Somogyi,I (2176) Hungary 2010}) 15. Rac1 (15. Nc4 $1 $16) 15... Nxe5 $1 $14 16. Qxe8 Rxe8 17. Bxe5 (17. dxe5 $14 Rd8 18. Rxd5 exd5 19. Nd6) 17... Nd7 18. Rc7 Red8 19. Rdc1 Kf8 20. Nc3 Bxg2 21. Kxg2 g5 22. g4 (22. Ne4 $14) 22... Nxe5 $11 23. dxe5 Rd4 24. f3 Rd2+ 25. Kg3 Rad8 (25... Bd8 $11 26. Rb7 Rc8) 26. Rxa7 $2 (26. Ne4 $16) 26... f5 $1 $15 ({And not} 26... Rxb2 27. Ne4 Bc5 28. Nxg5 $18 (28. Nxc5 bxc5 29. h4 h6 $15)) 27. gxf5 exf5 {[#] White must now prevent ...h5.} 28. Nb5 $2 (28. h4 $1 $15) 28... Re2 $2 (28... Rxb2 $19 29. Nc7 Kf7) 29. h4 $2 (29. Nd6 $1 $15 Rxe5 30. Rc8) 29... Rxe5 $19 30. a4 gxh4+ 31. Kf4 Re2 32. Kxf5 (32. Rac7 {was called for.}) 32... h3 {[%cal Bh4h3,Bh3h2][%mdl 32]} ({Not} 32... Rxb2 33. Re1 Bc5 34. Rxh7 $11) 33. Kg4 $2 (33. Nc3 Rxb2 34. Ne4) 33... h2 ({Worse is} 33... Rxb2 34. Kxh3 Rb3 35. Kg4 $15) 34. Kg3 Rd5 35. f4 Rd3+ {Black mates.} 36. Kg4 Rg2+ 37. Kf5 Rg1 38. Rc8+ Kf7 0-1

[Event "Kortchnoi ZCC 2017-Blitz"]
[Site "Zurich"]
[Date "2017.04.17"]
[Round "3"]
[White "Kramnik, Vladimir"]
[Black "Gelfand, Boris"]
[Result "0-1"]
[WhiteElo "2811"]
[BlackElo "2724"]
[Annotator "TA"]
[PlyCount "90"]
[EventDate "2017.??.??"]
[EventType "tourn"]
[EventCountry "SUI"]
[SourceTitle "playchess.com"]
[Source "ChessBase"]
[SourceQuality "1"]

{[%evp 16,90,12,1,6,0,14,-19,-24,-23,-20,-12,-22,-26,-14,-27,-25,-13,4,-6,0,-22,-13,-68,-70,-152,-109,-227,-227,-227,-227,-227,-226,-226,-229,-189,-209,-229,-229,-225,-153,-245,-239,-249,-251,-264,-188,-247,-216,-213,-193,-256,-255,-282,-273,-257,-274,-364,-357,-371,-386,-546,-537,-540,-512,-1204,-1192,-1223,-1182,-1159,-1135,-1877,-1799,-1799,-1745,-29998,-29999]} 1. Nf3 d5 2. e3 Nf6 3. d4 c5 4. Nbd2 Nc6 5. dxc5 {D04: Colle System} (5. Bb5 Bf5 6. dxc5 Rc8 7. O-O e6 8. b4 Be7 9. Bb2 O-O 10. a3 Bg4 11. h3 Bh5 12. Be2 Qc7 {½-½ (58) Kovalenko,I (2656)-Razin,V (2341) Lutsk 2015}) 5... e6 6. a3 a5 7. b3 Bxc5 8. Bb2 O-O 9. Bb5 $146 {LiveBook: 3 Games} (9. Bd3 Qe7 10. c4 b6 11. Qc2 h6 12. O-O Bb7 13. cxd5 exd5 {1-0 (36) Cherednichenko,S (2307)-Krush,I (2460) Reykjavik 2013}) 9... Qe7 10. O-O Bd6 11. Re1 e5 12. e4 Nxe4 13. Nxe4 dxe4 14. Rxe4 Bf5 15. Re1 {next Bxc6 is good for White.} Rfd8 16. Qe2 f6 17. Nh4 Be6 18. Bd3 Bc5 $36 {[%mdl 2048] Black has some pressure.} 19. Kh1 (19. Nf5 $11 Qf7 20. Rad1) 19... Nd4 $15 20. Qe4 ({White should play} 20. Bxd4 $15 Bxd4 21. Rab1) 20... g6 21. f4 {[#]} (21. Rad1 $17) 21... Bd5 $1 $19 {[%cal Rd5e4]} 22. Bc4 Bxc4 23. bxc4 {[#]} f5 $1 {[%cal Rf5e4]} 24. Qxe5 Qxe5 25. Rxe5 Nxc2 26. Rxc5 {And now Rc1 would win.} Nxa1 {[%cal Rd8d1]} 27. h3 {intending Rc7.} Rac8 ({Resist} 27... Rd1+ 28. Kh2) 28. Rb5 (28. Rxc8 $17 Rxc8 29. Bxa1) 28... Rd7 (28... Rxc4 29. Rxb7 Nc2 30. Be5 $17) 29. Nf3 Nc2 ({Weaker is} 29... Rxc4 30. Kh2 Nc2 31. Ne5 $15) 30. Ne5 Re7 31. c5 (31. a4 $142) 31... Ne3 32. Rxa5 Nd5 33. g3 (33. Ra4 $142) 33... Nf6 34. Kg2 Ne4 35. Bd4 Rec7 ({Don't take} 35... Rd8 36. Be3 $17) 36. h4 Nxc5 37. Rb5 Ne4 38. h5 (38. g4 {was necessary.}) 38... gxh5 39. Nf3 Rc1 {Hoping for ...R8c2+.} 40. Ng1 (40. Rb2 $142) 40... R8c2+ 41. Kh3 Nf2+ 42. Kh4 Rxg1 43. Rxb7 Rh1+ 44. Kg5 Ne4+ 45. Kh6 Rc6+ 0-1